Statystyki dla Wzrost ludności miejskiej - 1/2

Kliknij tutaj aby rozwiązać quiz!

Ogólne statystyki

  • Ten quiz został rozwiązany 16 razy
  • Średni wynik to 11 z 25

Statystyki odpowiedzi

%Kraj% Poprawnych
5,4Niger
77%
4,8Etiopia
69%
4,4NIgeria
69%
5,4Tanzania
69%
4,3Kenia
62%
4,1Jemen
54%
6,4Oman
54%
5,8Rwanda
54%
4,7Sudan Południowy
54%
5,4Uganda
54%
5,0Angola
46%
4,4Demokratyczna Republika Konga
46%
4,6Madagaskar
46%
4,9Mali
46%
4,2Zambia
46%
5,7Burkina Faso
38%
5,8Burundi
38%
4,2Gambia
38%
4,1Malawi
38%
4,4Namibia
38%
4,5Laos
23%
4,3Liban
23%
4,3Malediwy
23%
4,4Afganistan
15%
4,3Timor Wschodni
8%

Rozkład punktacji

Percentyl według liczby udzielonych odpowiedzi

Procent ludzi z każdym wynikiem

Twoja historia wyników

Nie rozwiązałeś tego quizu